| 000 | 00809nam a22002297a 4500 | ||
|---|---|---|---|
| 005 | 20131205164609.0 | ||
| 010 | _aENG-108782 | ||
| 020 |
_a9781259063770 _c495.00 |
||
| 020 |
_a1259063771 _c495.00 |
||
| 035 | _aEN-92315 | ||
| 037 | _bDBAD/PUB | ||
| 082 | _a005.1 | ||
| 100 | _aDharanipragada Janakiram | ||
| 245 |
_aBuilding large scale software systems : _ba study of Linux Kernel from software engineering approach / _cby Dharanipragada Janakiram, Vinay Kumar [and] Suneetha Nadella |
||
| 260 |
_aNew Delhi _bMcGraw Hill Education _c2013 |
||
| 270 |
_aP-24, Green Park Extension _bNew Delhi _e110016 |
||
| 300 |
_a95p. _c22cm(pbk) _e1CD-ROM |
||
| 500 | _aIncludes bibliographical references | ||
| 700 | _aVinay Kumar | ||
| 700 | _aNadella, Suneetha | ||
| 942 |
_2ddc _cEN _h005.1 _mDHA |
||
| 999 |
_c81060 _d81060 |
||